00771nam a2200205 a 45000010005000000030009000050080041000140200015000550400028000700820018000981000043001162450112001592600044002713000010003154900015003256500043003409420012003839990017003959520153004126601CO-ViMGA141112s2004 ck r 000 u spa d a9589061753 aCO-ViMGAbspacCO-ViMGA04a330.9861 B3311 aBejarano Avila, Jesús Antonio95053510aHistoria económica y desarrollo : bla historiografía económica sobre los siglos XIX y XX en colombia aSantafé de Bogotá : bCerec, c1994 a291 p aTextos, 2214aEconomía COLOMBIANA - HISTORIA95464 2ddccBK c18570d18570 00102ddc40708002aMEVIECARbMEVIECARd2015-12-04hVolumen. 1 | 11/jun/2009l0o330.9861 B331 p04368r2015-12-04 00:00:00tEj. 1w2015-12-04yBK